[Event "Madrid-ch 2018-2019 - Semifinal"]
[Site "Madrid ESP"]
[Date "2019.05.12"]
[Round "7.3"]
[White "Pindado Campos, Raul"]
[Black "Martinez Fernandez, Raul"]
[Result "0-1"]
[WhiteElo "2089"]
[BlackElo "2202"]
[PlyCount "116"]
[EventDate "2019.05.06"]
[EventType "swiss"]
[EventRounds "9"]
[EventCountry "ESP"]
[SourceTitle "Ajedrez en Madrid"]
[Source "lmi"]
[SourceDate "2019.05.06"]
[SourceVersion "1"]
[SourceVersionDate "2019.05.20"]
[SourceQuality "2"]

1. Nf3 d5 2. g3 c5 3. Bg2 Nc6 4. O-O e5 5. c4 d4 6. d3 Bf5 7. Nbd2 Qd7 8. b4
cxb4 9. a3 Bh3 10. axb4 Bxg2 11. Kxg2 Bxb4 12. Ba3 Bxa3 13. Rxa3 Nge7 14. Qb3
O-O 15. Rb1 Rfb8 16. Ne4 b6 17. Qb5 Qc7 18. Ra6 f5 19. Ned2 h6 20. e3 dxe3 21.
fxe3 Qd6 22. d4 exd4 23. exd4 Nxd4 24. Nxd4 Qxd4 25. Nf3 Qd3 26. Re1 Qc2+ 27.
Kg1 Ng6 28. Raa1 Rd8 29. Qc6 Kh7 30. Rac1 Qb2 31. h4 Rac8 32. Qe6 Qa3 33. h5
Qc5+ 34. Kg2 Nf8 35. Qe2 Nd7 36. Qa2 a5 37. Qc2 Re8 38. g4 Nf6 39. Qxf5+ Qxf5
40. gxf5 Rxe1 41. Nxe1 Rc5 42. Rb1 Rxc4 43. Rxb6 Rc5 44. Nd3 Rxf5 45. Ra6 Rxh5
46. Nf4 Rf5 47. Ne6 g5 48. Ra7+ Kg6 49. Rg7+ Kh5 50. Rf7 Kg4 51. Ng7 Rf4 52.
Ne6 Rf3 53. Ng7 Rg3+ 54. Kh2 Nh5 55. Nf5 Rh3+ 56. Kg1 Nf4 57. Nd4 Rd3 58. Nc6
Kg3 0-1

[Event "Madrid-ch 2018-2019 - Semifinal"]
[Site "Madrid ESP"]
[Date "2019.05.12"]
[Round "7.4"]
[White "De La Puerta Cresis, Javier"]
[Black "Nuñez Reiz, Antonio"]
[Result "1/2-1/2"]
[WhiteElo "2116"]
[BlackElo "2083"]
[PlyCount "134"]
[EventDate "2019.05.06"]
[EventType "swiss"]
[EventRounds "9"]
[EventCountry "ESP"]
[SourceTitle "Ajedrez en Madrid"]
[Source "lmi"]
[SourceDate "2019.05.06"]
[SourceVersion "1"]
[SourceVersionDate "2019.05.20"]
[SourceQuality "2"]

1. d4 Nf6 2. c4 e6 3. Nc3 Bb4 4. Qc2 c5 5. dxc5 Nc6 6. Nf3 Bxc5 7. Bg5 a6 8. g3
h6 9. Bd2 Qb6 10. e3 Qc7 11. Bg2 b6 12. Na4 Be7 13. c5 bxc5 14. Nxc5 Rb8 15.
Nb3 Qb6 16. O-O Bb7 17. Bc3 O-O 18. Rfd1 d5 19. Ne5 Rfc8 20. Qe2 a5 21. Nxc6
Bxc6 22. Bxa5 Qa7 23. Bc3 Ba4 24. Be5 Ra8 25. Qd3 Nd7 26. Bd4 Qb7 27. e4 Bxb3
28. axb3 Rxa1 29. Rxa1 Nc5 30. Bxc5 Bxc5 31. exd5 exd5 32. Bxd5 Qe7 33. Qf5 Rd8
34. Bxf7+ Kh8 35. Bd5 Bxf2+ 36. Qxf2 Rxd5 37. Re1 Re5 38. Rxe5 Qxe5 39. b4 Qd6
40. Qc5 Qd1+ 41. Kg2 Qe2+ 42. Kh3 Qe6+ 43. g4 Qb3+ 44. Qc3 Qd1 45. Qc8+ Kh7 46.
Qf5+ Kh8 47. b5 Qb3+ 48. Kh4 Qxb2 49. Qf8+ Kh7 50. Qf5+ Kh8 51. h3 Qb3 52. Kh5
Qg8 53. g5 hxg5 54. Kxg5 Qd8+ 55. Kg4 Qd1+ 56. Kh4 Qe1+ 57. Kg5 Qe3+ 58. Kg4
Qg1+ 59. Kf4 Qf2+ 60. Ke5 Qc5+ 61. Ke6 Qc8+ 62. Ke5 Qc5+ 63. Ke4 Qc2+ 64. Kf4
Qf2+ 65. Kg5 Qg3+ 66. Kh5 g6+ 67. Qxg6 Qh4+ 1/2-1/2

[Event "Madrid-ch 2018-2019 - Semifinal"]
[Site "Madrid ESP"]
[Date "2019.05.12"]
[Round "7.5"]
[White "Gueler Berdasco, Martin"]
[Black "Rios Rebollo, Victor"]
[Result "0-1"]
[WhiteElo "1917"]
[BlackElo "2007"]
[PlyCount "100"]
[EventDate "2019.05.06"]
[EventType "swiss"]
[EventRounds "9"]
[EventCountry "ESP"]
[SourceTitle "Ajedrez en Madrid"]
[Source "lmi"]
[SourceDate "2019.05.06"]
[SourceVersion "1"]
[SourceVersionDate "2019.05.20"]
[SourceQuality "2"]

1. c4 e6 2. g3 d5 3. Bg2 Nf6 4. Nf3 Be7 5. d4 O-O 6. O-O dxc4 7. Ne5 Qd6 8.
Nxc4 Qa6 9. Ncd2 Rd8 10. e3 Bd7 11. Nc3 Bc6 12. Nf3 b5 13. Qe2 Qb7 14. b3 b4
15. Na4 Bb5 16. Qd1 Bxf1 17. Qxf1 Nbd7 18. Ne5 Nd5 19. Nc4 Qb5 20. e4 N5b6 21.
Nab2 Rac8 22. Bf4 Nf6 23. Rd1 c5 24. Nxb6 Qxf1+ 25. Kxf1 axb6 26. d5 exd5 27.
exd5 Ne8 28. Nc4 g5 29. Be5 f6 30. Ba1 b5 31. Na5 Rc7 32. Re1 Bd6 33. Nc6 Ra8
34. Bf3 Kf8 35. Re6 Rxa2 36. Bxf6 Rf7 37. Bh5 Rxf6 38. Rxe8+ Kg7 39. f3 Ra3 40.
Nd8 Rxb3 41. h4 gxh4 42. g4 Rbxf3+ 43. Ke2 Rf2+ 44. Ke1 Rf1+ 45. Ke2 R1f2+ 46.
Ke1 b3 47. Ne6+ Kh6 48. g5+ Kxh5 49. gxf6 Bg3 50. Nf4+ Rxf4+ 0-1

[Event "Madrid-ch 2018-2019 - Semifinal"]
[Site "Madrid ESP"]
[Date "2019.05.12"]
[Round "7.6"]
[White "Collado Barbas, Laura"]
[Black "Cabañas Bravo, Juan Andres"]
[Result "1/2-1/2"]
[WhiteElo "2048"]
[BlackElo "2010"]
[PlyCount "64"]
[EventDate "2019.05.06"]
[EventType "swiss"]
[EventRounds "9"]
[EventCountry "ESP"]
[SourceTitle "Ajedrez en Madrid"]
[Source "lmi"]
[SourceDate "2019.05.06"]
[SourceVersion "1"]
[SourceVersionDate "2019.05.20"]
[SourceQuality "2"]

1. d4 Nf6 2. c4 c5 3. d5 b5 4. cxb5 a6 5. bxa6 Bxa6 6. Nc3 d6 7. Nf3 g6 8. g3
Bg7 9. Bg2 O-O 10. O-O Nbd7 11. Rb1 Qa5 12. Bd2 Rfb8 13. b3 Ng4 14. Qc2 Qa3 15.
h3 Nh6 16. g4 Nb6 17. Rfd1 Bc8 18. Qe4 Qa7 19. Nb5 Qd7 20. a4 Ba6 21. Nc3 Ra7
22. a5 Na8 23. Na4 Rab7 24. Qc2 f5 25. gxf5 Nxf5 26. Bf4 Qb5 27. e4 Nd4 28.
Nxd4 cxd4 29. Bf1 Qxa5 30. Bd2 d3 31. Bxd3 Bxd3 32. Qxd3 Qb5 1/2-1/2

[Event "Madrid-ch 2018-2019 - Semifinal"]
[Site "Madrid ESP"]
[Date "2019.05.12"]
[Round "7.7"]
[White "Martinez Aragon, Aitor"]
[Black "Estevez Sacristan, Deva"]
[Result "1/2-1/2"]
[WhiteElo "2038"]
[BlackElo "1999"]
[PlyCount "27"]
[EventDate "2019.05.06"]
[EventType "swiss"]
[EventRounds "9"]
[EventCountry "ESP"]
[SourceTitle "Ajedrez en Madrid"]
[Source "lmi"]
[SourceDate "2019.05.06"]
[SourceVersion "1"]
[SourceVersionDate "2019.05.20"]
[SourceQuality "2"]

1. Nf3 d5 2. b3 Bg4 3. Bb2 Bxf3 4. exf3 e6 5. g3 Nf6 6. Bg2 g6 7. O-O Bg7 8. f4
O-O 9. Be5 Nbd7 10. d4 Ne8 11. Bxg7 Kxg7 12. Nd2 Nd6 13. Qe2 Rc8 14. Rac1
1/2-1/2

[Event "Madrid-ch 2018-2019 - Semifinal"]
[Site "Madrid ESP"]
[Date "2019.05.12"]
[Round "7.8"]
[White "Lorenzo Bailador, Alfredo"]
[Black "Vazquez Gonzalez, Jesus"]
[Result "1-0"]
[WhiteElo "2003"]
[BlackElo "1901"]
[PlyCount "87"]
[EventDate "2019.05.06"]
[EventType "swiss"]
[EventRounds "9"]
[EventCountry "ESP"]
[SourceTitle "Ajedrez en Madrid"]
[Source "lmi"]
[SourceDate "2019.05.06"]
[SourceVersion "1"]
[SourceVersionDate "2019.05.20"]
[SourceQuality "2"]

1. e4 e5 2. Nf3 Nc6 3. d4 exd4 4. Bc4 Nf6 5. e5 d5 6. Bb5 Ne4 7. Nxd4 Bc5 8.
Be3 Bd7 9. Bxc6 bxc6 10. Nd2 Bxd4 11. Bxd4 Nxd2 12. Qxd2 O-O 13. O-O Qe7 14. b4
Rfe8 15. a3 a5 16. c3 a4 17. Rae1 Bf5 18. Re3 Qe6 19. Qd1 Reb8 20. h3 h6 21.
Kh2 Qg6 22. Rg3 Qe6 23. Qd2 Kh8 24. Re3 h5 25. Rf3 Be4 26. Rg3 Kh7 27. Qg5 g6
28. Re3 Rh8 29. f3 Bc2 30. Rc1 Bb3 31. Rf1 Bc4 32. Rf2 Rae8 33. f4 Qe7 34. e6
Rhg8 35. Bf6 Qf8 36. e7 Qh6 37. Qe5 Bb5 38. Qxc7 h4 39. Qe5 Qh5 40. Bg5 Qd1 41.
Qf6 Rg7 42. f5 Bd3 43. Qd4 Qb1 44. Qxd3 1-0

[Event "Madrid-ch 2018-2019 - Semifinal"]
[Site "Madrid ESP"]
[Date "2019.05.12"]
[Round "7.9"]
[White "Perez Gonzalez, Jose Manuel"]
[Black "Sanchez Garcia, Aurelio"]
[Result "1-0"]
[WhiteElo "2228"]
[BlackElo "2042"]
[PlyCount "63"]
[EventDate "2019.05.06"]
[EventType "swiss"]
[EventRounds "9"]
[EventCountry "ESP"]
[SourceTitle "Ajedrez en Madrid"]
[Source "lmi"]
[SourceDate "2019.05.06"]
[SourceVersion "1"]
[SourceVersionDate "2019.05.20"]
[SourceQuality "2"]

1. e4 c5 2. Nf3 g6 3. d4 cxd4 4. Nxd4 Bg7 5. Nc3 Nc6 6. Be3 Nf6 7. Bc4 O-O 8.
Bb3 Re8 9. Nxc6 dxc6 10. Qxd8 Rxd8 11. f3 b6 12. a4 Bb7 13. a5 c5 14. Kf2 Bc6
15. Ba4 Bxa4 16. Nxa4 Nd7 17. Rhd1 Be5 18. f4 Bc7 19. Nc3 Nf6 20. Kf3 Rxd1 21.
Rxd1 Rd8 22. Rxd8+ Bxd8 23. Nb5 Nd7 24. Nxa7 bxa5 25. Nc6 Bc7 26. Nxe7+ Kg7 27.
Nd5 Bd8 28. b3 f6 29. Ke2 Kf7 30. Kd3 Ke6 31. Kc4 a4 32. bxa4 1-0

[Event "Madrid-ch 2018-2019 - Semifinal"]
[Site "Madrid ESP"]
[Date "2019.05.12"]
[Round "7.10"]
[White "Perez Diez, Victor"]
[Black "Garcia Sanz, Eduardo"]
[Result "1-0"]
[WhiteElo "2018"]
[BlackElo "1820"]
[PlyCount "129"]
[EventDate "2019.05.06"]
[EventType "swiss"]
[EventRounds "9"]
[EventCountry "ESP"]
[SourceTitle "Ajedrez en Madrid"]
[Source "lmi"]
[SourceDate "2019.05.06"]
[SourceVersion "1"]
[SourceVersionDate "2019.05.20"]
[SourceQuality "2"]

1. e4 c5 2. Nc3 Nc6 3. g3 e6 4. Bg2 Nge7 5. Nge2 d6 6. d3 Nd4 7. Be3 Nec6 8.
Qd2 Be7 9. O-O O-O 10. f4 Qb6 11. Nd1 Bd7 12. g4 Nxe2+ 13. Qxe2 Nd4 14. Qd2
Rad8 15. f5 exf5 16. exf5 f6 17. c3 Nb5 18. a4 Nc7 19. a5 Qa6 20. d4 Bc6 21. d5
Bd7 22. Nf2 Rb8 23. Rfe1 Rfe8 24. Bf4 b5 25. b4 c4 26. Ne4 Rbd8 27. Rad1 Bf8
28. Qf2 Bc8 29. g5 fxg5 30. Bxg5 Rd7 31. Qg3 Kh8 32. Qh4 Rf7 33. f6 Bf5 34. Qf4
Bxe4 35. Bxe4 Kg8 36. Kh1 Re5 37. Rg1 Qc8 38. Qh4 g6 39. Bb1 Nxd5 40. Rg3 Qb7
41. Be4 Rxe4 42. Qxe4 h6 43. Rxd5 hxg5 44. Rgxg5 Rxf6 45. Rxg6+ Rxg6 46. Qxg6+
Kh8 47. Qh5+ Kg8 48. Kg1 Qe7 49. Rg5+ Bg7 50. Rg3 Qe1+ 51. Kg2 Qe4+ 52. Kh3
Qe6+ 53. Kg2 Qe4+ 54. Qf3 Qc2+ 55. Kh1 Kh7 56. Rxg7+ Kxg7 57. Qg2+ Qxg2+ 58.
Kxg2 Kf6 59. Kf3 Kf5 60. Ke3 Kg4 61. Kd4 Kh3 62. Kd5 Kxh2 63. Kxd6 Kg3 64. Kc6
Kf3 65. Kxb5 1-0

[Event "Madrid-ch 2018-2019 - Semifinal"]
[Site "Madrid ESP"]
[Date "2019.05.12"]
[Round "7.11"]
[White "Rojas Pozo, Jose Luis"]
[Black "Gonzalez Rivera, Eduardo"]
[Result "1/2-1/2"]
[WhiteElo "1974"]
[BlackElo "1998"]
[PlyCount "83"]
[EventDate "2019.05.06"]
[EventType "swiss"]
[EventRounds "9"]
[EventCountry "ESP"]
[SourceTitle "Ajedrez en Madrid"]
[Source "lmi"]
[SourceDate "2019.05.06"]
[SourceVersion "1"]
[SourceVersionDate "2019.05.20"]
[SourceQuality "2"]

1. d4 d5 2. c4 c6 3. e3 Nf6 4. Nc3 e6 5. Nf3 Nbd7 6. Bd3 dxc4 7. Bxc4 b5 8. Bd3
Bb7 9. O-O b4 10. Ne4 c5 11. Nxf6+ gxf6 12. e4 Qc7 13. Qe2 Bd6 14. Be3 cxd4 15.
Rfc1 Qa5 16. Nxd4 Ke7 17. Nc6+ Bxc6 18. Rxc6 Rhc8 19. Ra6 Qc7 20. g3 Qb7 21.
Bb5 Nc5 22. Rxd6 Kxd6 23. Rd1+ Ke7 24. Bxc5+ Rxc5 25. Rd7+ Qxd7 26. Bxd7 Kxd7
27. Qd2+ Ke7 28. Qxb4 Rac8 29. e5 fxe5 30. Qh4+ Kd6 31. Qxh7 R8c7 32. Qd3+ Ke7
33. Qa3 Kf6 34. Qf3+ Ke7 35. h4 f5 36. Qh5 Rc2 37. Qg5+ Kd6 38. Qd8+ Rd7 39.
Qb8+ Ke7 40. h5 e4 41. Qe5 Rdd2 42. Qg7+ 1/2-1/2

[Event "Madrid-ch 2018-2019 - Semifinal"]
[Site "Madrid ESP"]
[Date "2019.05.12"]
[Round "7.12"]
[White "Largo Barbero, Benito"]
[Black "Nieto De La Cruz, Julio"]
[Result "1/2-1/2"]
[WhiteElo "1878"]
[BlackElo "2168"]
[PlyCount "33"]
[EventDate "2019.05.06"]
[EventType "swiss"]
[EventRounds "9"]
[EventCountry "ESP"]
[SourceTitle "Ajedrez en Madrid"]
[Source "lmi"]
[SourceDate "2019.05.06"]
[SourceVersion "1"]
[SourceVersionDate "2019.05.20"]
[SourceQuality "2"]

1. d4 Nf6 2. Bg5 d5 3. Nd2 e6 4. c3 Be7 5. e3 O-O 6. Bd3 c5 7. h4 b6 8. Ngf3 a5
9. Bxf6 gxf6 10. Ng5 fxg5 11. hxg5 f5 12. gxf6 Bxf6 13. Qg4+ Bg7 14. Bxh7+ Kf7
15. Qg6+ Ke7 16. Qxg7+ Kd6 17. Qe5+ 1/2-1/2

[Event "Madrid-ch 2018-2019 - Semifinal"]
[Site "Madrid ESP"]
[Date "2019.05.12"]
[Round "7.13"]
[White "Panduru, Eugen"]
[Black "Pastor Alonso De Prado, Alberto"]
[Result "1/2-1/2"]
[WhiteElo "1934"]
[BlackElo "2094"]
[PlyCount "82"]
[EventDate "2019.05.06"]
[EventType "swiss"]
[EventRounds "9"]
[EventCountry "ESP"]
[SourceTitle "Ajedrez en Madrid"]
[Source "lmi"]
[SourceDate "2019.05.06"]
[SourceVersion "1"]
[SourceVersionDate "2019.05.20"]
[SourceQuality "2"]

1. e4 d6 2. Nc3 Nf6 3. d4 g6 4. Nf3 Bg7 5. Bc4 O-O 6. Qe2 c6 7. O-O d5 8. Bb3
Bg4 9. e5 Nfd7 10. Bg5 f6 11. Bh4 g5 12. Bg3 fxe5 13. Nxd5 Kh8 14. Ne3 Bxf3 15.
gxf3 exd4 16. Nc4 Nc5 17. Rfe1 Nbd7 18. Ne5 Nxb3 19. axb3 Nf6 20. Qd2 Qd5 21.
Ra5 b5 22. Qxg5 Nd7 23. Ra6 Rf6 24. f4 Bh6 25. Qg4 Nc5 26. Raa1 Rg8 27. Qf3
Qxf3 28. Nxf3 d3 29. cxd3 Bxf4 30. Kg2 Bd6 31. Ne5 Ra8 32. b4 Nb3 33. Ra6 Bxb4
34. Re3 Nd4 35. Nd7 Rg6 36. Re4 c5 37. Rxg6 hxg6 38. Rxe7 Nf5 39. Be5+ Kg8 40.
Nf6+ Kf8 41. Rh7 Rd8 1/2-1/2

[Event "Madrid-ch 2018-2019 - Semifinal"]
[Site "Madrid ESP"]
[Date "2019.05.12"]
[Round "7.14"]
[White "Vazquez Gonzalez, Francisco"]
[Black "Moreno Uribarri, Miguel"]
[Result "1-0"]
[WhiteElo "1968"]
[BlackElo "1674"]
[PlyCount "53"]
[EventDate "2019.05.06"]
[EventType "swiss"]
[EventRounds "9"]
[EventCountry "ESP"]
[SourceTitle "Ajedrez en Madrid"]
[Source "lmi"]
[SourceDate "2019.05.06"]
[SourceVersion "1"]
[SourceVersionDate "2019.05.20"]
[SourceQuality "2"]

1. e4 c5 2. Nc3 Nc6 3. a3 g6 4. Bc4 Bg7 5. d3 e6 6. Ba2 Nge7 7. h4 h5 8. Bg5
Qb6 9. Rb1 O-O 10. Qd2 d5 11. exd5 exd5 12. Nxd5 Nxd5 13. Bxd5 Re8+ 14. Be3 Nd4
15. Nf3 Be6 16. Bxe6 Qxe6 17. Rh3 Qa2 18. Qc1 Nf5 19. Ng5 Qd5 20. Kf1 c4 21.
Qd2 cxd3 22. Qxd3 Qa2 23. Re1 Qxb2 24. Qb3 Qxb3 25. cxb3 Nxe3+ 26. Rhxe3 Kf8
27. Nh7+ 1-0

[Event "Madrid-ch 2018-2019 - Semifinal"]
[Site "Madrid ESP"]
[Date "2019.05.12"]
[Round "7.15"]
[White "Ruiz Quevedo, Andres"]
[Black "Bello Burguet, Glenier Lazaro"]
[Result "0-1"]
[WhiteElo "1900"]
[BlackElo "1961"]
[PlyCount "62"]
[EventDate "2019.05.06"]
[EventType "swiss"]
[EventRounds "9"]
[EventCountry "ESP"]
[SourceTitle "Ajedrez en Madrid"]
[Source "lmi"]
[SourceDate "2019.05.06"]
[SourceVersion "1"]
[SourceVersionDate "2019.05.20"]
[SourceQuality "2"]

1. g3 d5 2. Nf3 Nf6 3. Bg2 c5 4. O-O Nc6 5. c4 e6 6. d4 cxd4 7. Nxd4 Bc5 8.
Nxc6 bxc6 9. Qc2 Qe7 10. Nc3 O-O 11. Bg5 Ba6 12. cxd5 cxd5 13. Bxf6 gxf6 14.
Rfd1 Rac8 15. Qa4 Bb7 16. Rd2 f5 17. Rad1 Bb6 18. e3 Rc4 19. Qc2 Ba5 20. Qb1
Bxc3 21. bxc3 Rxc3 22. Rb2 Ba6 23. Bf1 Bxf1 24. Kxf1 Rfc8 25. Kg2 Qc5 26. Rb7
Rc2 27. Qb3 Rc7 28. Rb8+ Kg7 29. Rb1 Qc4 30. Qa3 Qc5 31. Qa4 Qxe3 0-1

[Event "Madrid-ch 2018-2019 - Semifinal"]
[Site "Madrid ESP"]
[Date "2019.05.12"]
[Round "7.16"]
[White "Vicente Sastre, Diego"]
[Black "Viñas Lopez, Carlos"]
[Result "0-1"]
[WhiteElo "1881"]
[BlackElo "1884"]
[PlyCount "38"]
[EventDate "2019.05.06"]
[EventType "swiss"]
[EventRounds "9"]
[EventCountry "ESP"]
[SourceTitle "Ajedrez en Madrid"]
[Source "lmi"]
[SourceDate "2019.05.06"]
[SourceVersion "1"]
[SourceVersionDate "2019.05.20"]
[SourceQuality "2"]

1. e4 c5 2. Nf3 e6 3. d3 Nc6 4. g3 g6 5. Bg2 Bg7 6. O-O Nge7 7. Nc3 d6 8. Ne2
e5 9. Nd2 O-O 10. a4 Be6 11. Nc4 d5 12. Nd2 Qd7 13. c3 b6 14. Qc2 Rad8 15. Rb1
dxe4 16. dxe4 c4 17. Kh1 Na5 18. f4 Nb3 19. Ng1 Nxc1 0-1

[Event "Madrid-ch 2018-2019 - Semifinal"]
[Site "Madrid ESP"]
[Date "2019.05.12"]
[Round "7.17"]
[White "Garcia Serrano, Jose Manuel"]
[Black "Garcia Prados, David"]
[Result "1-0"]
[WhiteElo "1912"]
[BlackElo "1866"]
[PlyCount "23"]
[EventDate "2019.05.06"]
[EventType "swiss"]
[EventRounds "9"]
[EventCountry "ESP"]
[SourceTitle "Ajedrez en Madrid"]
[Source "lmi"]
[SourceDate "2019.05.06"]
[SourceVersion "1"]
[SourceVersionDate "2019.05.20"]
[SourceQuality "2"]

1. e4 e6 2. d4 d5 3. Nc3 dxe4 4. Nxe4 Nd7 5. Nf3 Ngf6 6. Bg5 Be7 7. Bxf6 Nxf6
8. Bd3 O-O 9. Qe2 b6 10. Nxf6+ Bxf6 11. Qe4 g6 12. Qxa8 1-0

[Event "Madrid-ch 2018-2019 - Semifinal"]
[Site "Madrid ESP"]
[Date "2019.05.12"]
[Round "7.18"]
[White "Jimenez Gonzalez, Marcos"]
[Black "Garcia Galeote, Lorenzo"]
[Result "1-0"]
[WhiteElo "1740"]
[BlackElo "1873"]
[PlyCount "101"]
[EventDate "2019.05.06"]
[EventType "swiss"]
[EventRounds "9"]
[EventCountry "ESP"]
[SourceTitle "Ajedrez en Madrid"]
[Source "lmi"]
[SourceDate "2019.05.06"]
[SourceVersion "1"]
[SourceVersionDate "2019.05.20"]
[SourceQuality "2"]

1. d4 Nc6 2. d5 Nb8 3. c4 d6 4. Nc3 g6 5. g3 Bg7 6. Bg2 Nf6 7. Nf3 O-O 8. O-O
c5 9. e4 Na6 10. Re1 Ng4 11. h3 Ne5 12. Nxe5 Bxe5 13. Be3 Rb8 14. Qd2 Bd7 15.
a4 Nb4 16. f4 Bg7 17. g4 a6 18. e5 Qc7 19. exd6 exd6 20. f5 Rfe8 21. Ne4 gxf5
22. Bh6 Bd4+ 23. Kh1 fxe4 24. Qg5+ Kh8 25. Bxe4 Qd8 26. Qh5 Rxe4 27. Rxe4 Qf6
28. Rf4 Qg6 29. Qxg6 hxg6 30. Rxf7 Be8 31. Rf8+ Kh7 32. Bf4 Be5 33. Bxe5 dxe5
34. Raf1 b5 35. axb5 axb5 36. b3 bxc4 37. bxc4 Na6 38. g5 Kg7 39. R8f6 Ra8 40.
Re1 Ba4 41. Rxe5 Ra7 42. Ree6 Bc2 43. Rxa6 Rb7 44. Kh2 Bd3 45. Kg3 Bxc4 46.
Rxg6+ Kh7 47. Rh6+ Kg7 48. Rag6+ Kf7 49. Rh7+ Kxg6 50. Rxb7 Bxd5 51. Rb5 1-0

[Event "Madrid-ch 2018-2019 - Semifinal"]
[Site "Madrid ESP"]
[Date "2019.05.13"]
[Round "8.1"]
[White "Mkrtchyan, Levon"]
[Black "Rios Rebollo, Victor"]
[Result "1/2-1/2"]
[WhiteElo "2168"]
[BlackElo "2007"]
[PlyCount "31"]
[EventDate "2019.05.06"]
[EventType "swiss"]
[EventRounds "9"]
[EventCountry "ESP"]
[SourceTitle "Ajedrez en Madrid"]
[Source "lmi"]
[SourceDate "2019.05.06"]
[SourceVersion "1"]
[SourceVersionDate "2019.05.20"]
[SourceQuality "2"]

1. e4 e6 2. d4 d5 3. Nc3 dxe4 4. Nxe4 Bd7 5. Nf3 Bc6 6. Bd3 Nd7 7. c3 Ngf6 8.
Bg5 Be7 9. Bxf6 Nxf6 10. Qe2 Bxe4 11. Bxe4 Nxe4 12. Qxe4 Qd5 13. Qxd5 exd5 14.
O-O-O f6 15. Rhe1 Kd7 16. Re2 1/2-1/2

[Event "Madrid-ch 2018-2019 - Semifinal"]
[Site "Madrid ESP"]
[Date "2019.05.13"]
[Round "8.2"]
[White "Martinez Fernandez, Raul"]
[Black "De La Puerta Cresis, Javier"]
[Result "1-0"]
[WhiteElo "2202"]
[BlackElo "2116"]
[PlyCount "127"]
[EventDate "2019.05.06"]
[EventType "swiss"]
[EventRounds "9"]
[EventCountry "ESP"]
[SourceTitle "Ajedrez en Madrid"]
[Source "lmi"]
[SourceDate "2019.05.06"]
[SourceVersion "1"]
[SourceVersionDate "2019.05.20"]
[SourceQuality "2"]

1. e4 c5 2. Nf3 d6 3. Bb5+ Nd7 4. d4 cxd4 5. Qxd4 a6 6. Bxd7+ Bxd7 7. O-O e5 8.
Qd3 h6 9. c4 Nf6 10. Nc3 Be7 11. Ne1 O-O 12. Nc2 Rc8 13. Ne3 Be6 14. b3 Qc7 15.
Bb2 Rfe8 16. Rac1 Qb8 17. Rfd1 Bf8 18. Rd2 b5 19. f3 bxc4 20. bxc4 Nd7 21. Ba3
Qa7 22. Kh1 Be7 23. Ncd1 Nc5 24. Qe2 Rb8 25. Rdc2 Bg5 26. Ra1 Rec8 27. Bc1 Na4
28. Nd5 Qd4 29. Bb2 Nxb2 30. Nxb2 Bxd5 31. exd5 Rb4 32. Rd1 Qh4 33. g3 Qh3 34.
c5 Rxc5 35. Rxc5 dxc5 36. Nd3 Rd4 37. Nxe5 Qf5 38. Rxd4 cxd4 39. f4 Bd8 40. Qd3
Qxd3 41. Nxd3 Kf8 42. Kg2 Ke7 43. Kf3 f5 44. Ne5 Bb6 45. Nc4 Ba7 46. Ke2 d3+
47. Kxd3 Bg1 48. h3 Bh2 49. Ne3 g6 50. Nf1 Bg1 51. g4 fxg4 52. hxg4 h5 53. gxh5
gxh5 54. Ng3 Bh2 55. Nxh5 Kd6 56. Ke4 a5 57. f5 a4 58. Nf4 Bxf4 59. Kxf4 Kxd5
60. Kg5 Kc4 61. f6 Kc3 62. f7 Kb2 63. f8=Q Kxa2 64. Qb4 1-0

[Event "Madrid-ch 2018-2019 - Semifinal"]
[Site "Madrid ESP"]
[Date "2019.05.13"]
[Round "8.3"]
[White "Robles Diaz, Jose Alberto"]
[Black "Iagar, Razvan-Gabriel"]
[Result "1/2-1/2"]
[WhiteElo "2044"]
[BlackElo "2104"]
[PlyCount "43"]
[EventDate "2019.05.06"]
[EventType "swiss"]
[EventRounds "9"]
[EventCountry "ESP"]
[SourceTitle "Ajedrez en Madrid"]
[Source "lmi"]
[SourceDate "2019.05.06"]
[SourceVersion "1"]
[SourceVersionDate "2019.05.20"]
[SourceQuality "2"]

1. d4 d5 2. c4 c6 3. Nf3 Nf6 4. g3 Bf5 5. Nc3 e6 6. Nh4 Bg4 7. h3 Bh5 8. Qb3
Qb6 9. c5 Qc7 10. Bf4 Qc8 11. g4 Bg6 12. Nxg6 hxg6 13. Bg2 Nbd7 14. Bh2 g5 15.
O-O Be7 16. Qc2 Nf8 17. Rfe1 Ng6 18. e4 dxe4 19. Nxe4 Nxe4 20. Qxe4 Qd7 21. b4
a6 22. a4 1/2-1/2

[Event "Madrid-ch 2018-2019 - Semifinal"]
[Site "Madrid ESP"]
[Date "2019.05.13"]
[Round "8.4"]
[White "Nuñez Reiz, Antonio"]
[Black "Lorenzo Bailador, Alfredo"]
[Result "1/2-1/2"]
[WhiteElo "2083"]
[BlackElo "2003"]
[PlyCount "72"]
[EventDate "2019.05.06"]
[EventType "swiss"]
[EventRounds "9"]
[EventCountry "ESP"]
[SourceTitle "Ajedrez en Madrid"]
[Source "lmi"]
[SourceDate "2019.05.06"]
[SourceVersion "1"]
[SourceVersionDate "2019.05.20"]
[SourceQuality "2"]

1. Nf3 d5 2. b3 Bf5 3. Bb2 e6 4. e3 Nf6 5. c4 c6 6. Be2 h6 7. O-O Nbd7 8. d3
Be7 9. Nbd2 O-O 10. Re1 Nc5 11. Ne5 Nfd7 12. Ndf3 Nxe5 13. Nxe5 Bf6 14. b4 Qc7
15. f4 Nd7 16. Nxd7 Bxb2 17. Nxf8 Bxa1 18. Nxe6 Qb6 19. Nc5 Qxb4 20. Qxa1 Qxc5
21. Qe5 Bd7 22. Kf2 Re8 23. Qd4 Qxd4 24. exd4 Be6 25. c5 b5 26. cxb6 axb6 27.
Bg4 Kf8 28. f5 Bd7 29. Rxe8+ Bxe8 30. Kg3 Ke7 31. Kf4 Kf6 32. h4 g5+ 33. fxg6
fxg6 34. Bc8 g5+ 35. hxg5+ hxg5+ 36. Kg4 Bg6 1/2-1/2

[Event "Madrid-ch 2018-2019 - Semifinal"]
[Site "Madrid ESP"]
[Date "2019.05.13"]
[Round "8.5"]
[White "Estevez Sacristan, Deva"]
[Black "Perez Gonzalez, Jose Manuel"]
[Result "0-1"]
[WhiteElo "1999"]
[BlackElo "2228"]
[PlyCount "74"]
[EventDate "2019.05.06"]
[EventType "swiss"]
[EventRounds "9"]
[EventCountry "ESP"]
[SourceTitle "Ajedrez en Madrid"]
[Source "lmi"]
[SourceDate "2019.05.06"]
[SourceVersion "1"]
[SourceVersionDate "2019.05.20"]
[SourceQuality "2"]

1. e4 d6 2. d4 Nf6 3. Nc3 g6 4. Bf4 c6 5. Qd2 Qa5 6. O-O-O b5 7. f3 b4 8. Nb1
Qxa2 9. Qxb4 Na6 10. Qa3 Qxa3 11. Nxa3 Bg7 12. c3 O-O 13. Nc4 c5 14. dxc5 Nxc5
15. Nxd6 exd6 16. Bxd6 Ncxe4 17. fxe4 Nxe4 18. Bxf8 Bxf8 19. Nf3 Nf2 20. Bd3
Nxh1 21. Rxh1 Bb7 22. Rf1 Re8 23. Kc2 Bd6 24. h3 Kg7 25. b4 Bd5 26. Rf2 Rc8 27.
Kd2 Be7 28. Nd4 Bg5+ 29. Ke2 Rxc3 30. Nb5 Rb3 31. Nxa7 Rxb4 32. g3 Be7 33. Nb5
Bc5 34. Rf4 Rb2+ 35. Ke1 Be3 36. Ra4 Bf2+ 37. Kf1 Bxg3 0-1